000 004720000a22001810004500
003 MACL
005 20160124153856.0
008 160124b xxu||||| |||| 00| 0 eng d
040 _aMACL
_cMACL
041 _aEnglish
082 _a385
100 _aDhawan, Arora
_934563
245 _aRailway Recruitment Board exam technical
260 _bBright Careers Institute
_c2002
_aNew Delhi
350 _a115
650 _aRail Road Transport
_94562
942 _cBK
_k385/DHA
_2ddc
999 _c32595
_d32595